Central Library OPAC University of Rajshahi

The Republican Party, 1854-1964 / (Record no. 1889)

MARC details
000 -LEADER
fixed length control field 00752cam a22002531 4500
001 - CONTROL NUMBER
control field 1889
003 - CONTROL NUMBER IDENTIFIER
rucl marc code BD-RjUL
005 - DATE AND TIME OF LATEST TRANSACTION
control field 20211208233432.0
008 - FIXED-LENGTH DATA ELEMENTS--GENERAL INFORMATION
fixed length control field 131209r19671964nyu b 000 0 eng
035 ## - SYSTEM CONTROL NUMBER
System control number (BD-RjUL)1916
System control number (OCoLC)500092
040 ## - CATALOGING SOURCE
Original cataloging agency DLC
Transcribing agency ODaWU
Modifying agency OCoLC
-- NSbSU
-- DLC
-- BD-RjUL
Language of cataloging eng
041 ## - LANGUAGE CODE
Language code of text/sound track or separate title eng
082 ## - DEWEY DECIMAL CLASSIFICATION NUMBER
Classification number 329.609
Author mark and year MAR 1967
100 1# - MAIN ENTRY--PERSONAL NAME
Personal name Mayer, George H.,
Dates associated with a name 1920-
9 (RLIN) 6236
245 14 - TITLE STATEMENT
Title The Republican Party, 1854-1964 /
Statement of responsibility, etc. George H Mayer
260 ## - PUBLICATION, DISTRIBUTION, ETC. (IMPRINT)
Place of publication, distribution, etc. New York :
Name of publisher, distributor, etc. Oxford University Press,
Date of publication, distribution, etc. c1964 [Reprint 1967].
300 ## - PHYSICAL DESCRIPTION
Pagination ix, 604 p. ;
Size 24 cm.
504 ## - BIBLIOGRAPHY, ETC. NOTE
Bibliography, etc Bibliographical references included
610 20 - SUBJECT ADDED ENTRY--CORPORATE NAME
Corporate name or jurisdiction name as entry element Republican Party (U.S.)
942 ## - ADDED ENTRY ELEMENTS (KOHA)
Source of classification or shelving scheme Dewey Decimal Classification
Koha item type Books
Holdings
Lost status Source of classification or shelving scheme Damaged status Not for loan Collection code Permanent Location Current Location Shelving location Date acquired Source of acquisition Cost, normal purchase price Total Checkouts Full call number Date last seen Copy number Koha item type
  Dewey Decimal Classification   Not For Loan Non-fiction Central Library, University of Rajshahi Central Library, University of Rajshahi Reading Room 14/09/1970 Zeitlinger 23.00   329.609 MAR 1967 09/12/2013 C-1 Books